Micrometers, slide gauges and calipers, principles, construction, operation and use of appliances for fine mechanical measurements, (Record no. 548671)
[ view plain ]
| 000 -LEADER | |
|---|---|
| fixed length control field | 00493nam a2200121u 4500 |
| 082 ## - DEWEY DECIMAL CLASSIFICATION NUMBER | |
| Classification number | 681.2 |
| Author Mark | MAR |
| -- | L-24, P-8 |
| 100 1# - MAIN ENTRY--PERSONAL NAME | |
| Personal name | Marshall, Alfred William. [from old catalog] |
| 9 (RLIN) | 45069 |
| 245 00 - TITLE STATEMENT | |
| Title | Micrometers, slide gauges and calipers, principles, construction, operation and use of appliances for fine mechanical measurements, |
| Remainder of title | Alfred w. marshall, |
| 260 ## - PUBLICATION, DISTRIBUTION, ETC. | |
| Place of publication, distribution, etc. | London, |
| Name of publisher, distributor, etc. | P. Marshall & co., ltd. |
| Date of publication, distribution, etc. | [1939] |
| 300 ## - PHYSICAL DESCRIPTION | |
| Extent | 76 p. |
| Dimensions | 19 cm. |
| 526 ## - STUDY PROGRAM INFORMATION NOTE | |
| Program name | 0 |
| Interest level | 0 |
| Reading level | 0 |
| Title point value | 681_200000000000000_MAR |
| 942 ## - ADDED ENTRY ELEMENTS (KOHA) | |
| Source of classification or shelving scheme | |
| Koha item type | Book |
| Withdrawn status | Lost status | Source of classification or shelving scheme | Damaged status | Not for loan | Permanent Location | Current Location | Date acquired | Total Checkouts | Full call number | Barcode | Date last seen | Price effective from | Koha item type |
|---|---|---|---|---|---|---|---|---|---|---|---|---|---|
| Military College of Engineering (MCE) | Military College of Engineering (MCE) | 09/04/2014 | 681.2 MAR | MCE-40781 | 09/04/2014 | 09/04/2014 | Book |
